Largest Oil Exporting Countries - Statistics

General Stats
  • This quiz has been taken 155 times
  • The average score is 25 of 30
Answers on the Map
Answers color-coded by a green-red scale on the quiz's map according to % correct below.
 
Answer Stats
# Answer % Correct
3 Saudi Arabia
100%
1 United States
99%
9 Iran
97%
2 Russia
97%
5 Iraq
96%
4 Canada
95%
7 United Arab Emirates
95%
8 Brazil
94%
6 China
91%
14 Mexico
91%
18 Oman
91%
13 Norway
90%
19 United Kingdom
89%
26 Venezuela
88%
30 Australia
87%
23 India
87%
17 Algeria
86%
15 Qatar
86%
10 Kuwait
84%
29 Libya
83%
21 Indonesia
79%
24 Egypt
77%
11 Nigeria
75%
28 Argentina
74%
12 Kazakhstan
73%
20 Colombia
69%
16 Angola
57%
25 Malaysia
56%
22 Azerbaijan
40%
27 Ecuador
40%
No matching quizzes found
Score Distribution
Percent of People with Each Score
Percentile by Number Answered
Your Score History
You have not taken this quiz